| 000 | 00829nam a2200253 i 4500 | ||
|---|---|---|---|
| 001 | 7727 | ||
| 003 | ES-MaACL | ||
| 005 | 20231114062524.0 | ||
| 007 | t| | ||
| 008 | 910324s1990 sp |||| |bspa d | ||
| 020 | _a84-322-0626-1 | ||
| 080 | _a929 Austria, Juan de, (1545-1578)(0:82) | ||
| 100 | 1 |
_aZeise, Franz. _9118152 |
|
| 245 | 1 | 3 |
_aLa Armada _b: Don Juan de Austria : vida de un ambicioso / _cFranz Zeise ; traducción del alemán por Ana Mª de la Fuente. |
| 250 | _a1ª ed. | ||
| 260 |
_aBarcelona : _bSeis Barral, _c1990. |
||
| 300 |
_a191 p. ; _c20 cm. |
||
| 490 | 1 | _aBiblioteca breve | |
| 600 | 1 | 4 |
_aAustria, Juan de ( _d1545-1578)- _vNovelas. _923967 |
| 700 | 1 |
_aFuente, Ana María de la. _952831 |
|
| 830 | 0 |
_aBiblioteca breve (Seix Barral) _9227188 |
|
| 852 |
_aES-MaACL _jL-15012 |
||
| 999 |
_c7727 _d7727 |
||